10 Highest Elevation FBS College Football Stadiums - Statistics

General Stats
  • This quiz has been taken 1,310 times
  • The average score is 8 of 10
Answer Stats
Hint Answer % Correct
5360 ft | 1633 m Colorado
99%
5003 ft | 1525 m Colorado State
92%
4657 ft | 1419 m Utah
89%
7215 ft | 2199 m Wyoming
85%
4642 ft | 1415 m Brigham Young
81%
4710 ft | 1435 m Utah State
76%
6621 ft | 2018 m Air Force
72%
5100 ft | 1554 m New Mexico
70%
4610 ft | 1405 m Nevada
63%
3980 ft | 1213 m New Mexico State
63%
No matching quizzes found
Score Distribution
Percent of People with Each Score
Percentile by Number Answered
Your Score History
You have not taken this quiz